| 000 | 00771nam a22002777a 4500 | ||
|---|---|---|---|
| 001 | 0002719 | ||
| 003 | KOHA_MİRAKIL | ||
| 005 | 20260207001318.0 | ||
| 007 | ta | ||
| 008 | 090305b2000 tu |||gr||||#||||0|tur | | ||
| 020 | _a9757338605 | ||
| 040 |
_aTR-BiSEU _btur _cTR-BiSEU _erda |
||
| 041 | 0 | _atur | |
| 044 | _ctu | ||
| 050 |
_aKKX2070 _b.G69 2000 |
||
| 100 | 1 | _aGözler, Kemal, . | |
| 245 | 1 |
_aTürk Anayasa hukuku dersleri/ _cKemal Gözler ; Kemal Gözler. |
|
| 264 | 1 |
_aBursa : _bEkin Kitabevi _c2000 |
|
| 300 | _aX, 559 sayfa; 25 cm. | ||
| 336 |
_ametin _btxt _2rdacontent |
||
| 337 |
_aaracısız _bn _2rdamedia |
||
| 338 |
_acilt _bnc _2rdacarrier |
||
| 500 | _aKaynakça ve dizin var. | ||
| 650 | 0 |
_aAnayasa hukuku Türkiye. _96641 |
|
| 942 |
_2lcc _cBK |
||
| 999 |
_c2706 _d2706 |
||